000 00332nam a22001337a 4500
008 190222b xxu||||| |||| 00| 0 eng d
020 _a9780787974565
041 _aeng
080 _a371
100 _a25
101 _aEDU
245 _aRain, Steam, and Speed. Building Fluency in Adolescent Writers
_cFleming, G
942 _2udc
_cBK
999 _c54110
_d54110